El cubismo
Salvato in:
| Autore principale: | |
|---|---|
| Natura: | Libro |
| Lingua: | spagnolo |
| Pubblicazione: |
Madrid
Aguilar
1968
|
| Serie: | Colección Historia General de la Pintura, 19
|
| Soggetti: | |
| Tags: |
Aggiungi Tag
Nessun Tag, puoi essere il primo ad aggiungerne!!
|
MARC
| LEADER | 00000nam a2200000 a 4500 | ||
|---|---|---|---|
| 001 | UCM1695 | ||
| 003 | CL-VaPUC | ||
| 008 | 020412e19680000SP |||||||||||||||||spa|d | ||
| 082 | 0 | 4 | |a 709.04032 |b PIE |2 21 |
| 100 | 0 | |a Pierre, José |e author |9 468477 | |
| 245 | 1 | 3 | |a El cubismo |
| 300 | |a 207 p | ||
| 942 | |c BK | ||
| 945 | |d 20020412 00:00:00 |a vberengu | ||
| 260 | |a Madrid |b Aguilar |c 1968 | ||
| 650 | 0 | |a Cubismo |9 265275 | |
| 650 | 0 | |a Arte moderno |9 265333 | |
| 650 | 0 | |a Arte |y Siglo 20 |9 267709 | |
| 583 | |a last modification |c 20020412 00:00:00 |k Rodrigo Vera | ||
| 490 | 0 | |a Colección Historia General de la Pintura, 19 | |
| 999 | |c 299943 |d 299941 | ||
| 952 | |0 0 |1 0 |4 0 |6 709_040320000000000_PIE_1968 |7 0 |8 R |9 357123 |a BIBART |b BIBART |d 2019-11-21 |i 3806367 |o 709.04032 PIE 1968 |p 3806367 |r 2025-03-13 |w 2019-11-21 |y BK_R |k ART | ||